书目信息 |
| 题名: |
李亚农史论集
|
|
| 作者: | 李亚农 著 | |
| 分册: | 上 | |
| 出版信息: | 上海 上海人民出版社 1962.9 |
|
| 页数: | 602页 | |
| 开本: | 20cm | |
| 丛书名: | ||
| 单 册: | ||
| 中图分类: | K03 | |
| 科图分类: | ||
| 主题词: | 史学--专题研究 | |
| 电子资源: | ||
| ISBN: | ||
| 000 | 00508nam0 2200193 45 | |
| 001 | 0312221749 | |
| 005 | 20051114100848.76 | |
| 010 | @dCNY2.70 | |
| 091 | @a11074.326 | |
| 100 | @a20031222d1962 km y0chiy0120 ea | |
| 101 | @achi | |
| 200 | 1 | @a李亚农史论集@ALi Ya Nong Shi Lun Ji@h上@f李亚农著@FLi Ya Nong Zhu |
| 210 | @a上海@c上海人民出版社@d1962.9 | |
| 215 | @a602页@d20cm | |
| 606 | 0 | @a史学@x专题研究 |
| 690 | @aK03@v3 | |
| 701 | 0 | @a李亚农@4著 |
| 801 | @aCN@bTSTCL@c20051114 | |
| 905 | @dK03@e1:1@b5662@f1 | |
| 李亚农史论集.上/李亚农著.-上海:上海人民出版社,1962.9 |
| 602页;20cm |
| ISBN :CNY2.70 |
| ● |
| 相关链接 |
|
|
|
|
正题名:李亚农史论集
索取号:K03/1:1
 
预约/预借
| 序号 | 登录号 | 条形码 | 馆藏地/架位号 | 状态 | 备注 |
| 1 | 0005662 | 001993187 | 密集书库/ [索取号:K03/1:1] | 在馆 | |
| 2 | 0015234 | 202143386 | 密集书库/ [索取号:K03/1:1] | 在馆 | |
| 3 | 0075754 | 001929532 | 密集书库/ [索取号:K03/1:1] | 在馆 | |
| 4 | 0075755 | 001929587 | 密集书库/ [索取号:K03/1:1] | 在馆 | |
| 5 | 0075756 | 001420135 | 密集书库/ [索取号:K03/1:1] | 在馆 | |
| 6 | 0075757 | 001420091 | 密集书库/ [索取号:K03/1:1] | 在馆 | |
| 7 | 0075758 | 202119206 | 第二样本阅览室/ [索取号:K03/1:1] | 在馆 |